[Event "World School-ch U13 Girls"]
[Site "Sochi"]
[Date "2016.12.04"]
[Round "2"]
[White "Batyrowa, Merjen"]
[Black "Safronova, Aleksandra"]
[Result "1/2-1/2"]
[WhiteElo "1492"]
[BlackElo "1694"]
[PlyCount "128"]
[EventDate "2016.12.03"]
[EventType "swiss"]
[EventRounds "9"]
[EventCountry "RUS"]
[SourceTitle "EXT 2018"]
[Source "ChessBase"]
[SourceDate "2017.10.13"]
[SourceVersion "1"]
[SourceVersionDate "2017.10.13"]
[SourceQuality "1"]

1. d4 Nf6 2. c4 c5 3. d5 b5 4. cxb5 a6 5. bxa6 g6 6. Nc3 Bg7 7. g3 d6 8. Bg2 0-0 9. Nf3 Bxa6 10. 0-0 Nbd7 11. Bf4 Rb8 12. Rb1 Qa5 13. a3 Rb7 14. Re1 Rfb8 15. Qc2 Bc4 16. Nd2 Bb3 17. Nxb3 Rxb3 18. Rec1 Qb6 19. Nd1 Nh5 20. Bg5 Nhf6 21. Bd2 Qb5 22. Bc3 Bh6 23. e3 Bg7 24. Bf1 Qb7 25. Bc4 Rb6 26. Ba5 Ra6 27. Bxa6 Qxa6 28. Bc3 Nxd5 29. Bxg7 Kxg7 30. Nc3 N5f6 31. a4 Ne5 32. Rd1 Nf3+ 33. Kg2 Qc6 34. e4 Nd4 35. Qd3 Ng4 36. Nb5 Nxb5 37. axb5 Rxb5 38. Qc3+ f6 39. f3 Ne5 40. b3 Qb7 41. Rd5 Rb4 42. Rd2 Qb5 43. f4 Nc6 44. Qe3 Nd4 45. Rdb2 Qb7 46. Kg1 Nb5 47. Re1 Nd4 48. Reb1 Qb6 49. e5 Nf5 50. exf6+ exf6 51. Qf2 Qb7 52. g4 Nd4 53. Qe3 Qd7 54. h3 Qb7 55. Kf2 Kf7 56. Re1 Qd7 57. Ra2 Rxb3 58. Ra7 Rxe3 59. Rxd7+ Ke6 60. Rxd6+ Kxd6 61. Rxe3 f5 62. Rd3 fxg4 63. hxg4 Ke6 64. Ke3 h5 1/2-1/2

[Event "World School-ch U13 Girls"]
[Site "Sochi"]
[Date "2016.12.03"]
[Round "1"]
[White "Safronova, Aleksandra"]
[Black "Igisinova, Liya"]
[Result "0-1"]
[WhiteElo "1694"]
[BlackElo "1230"]
[PlyCount "98"]
[EventDate "2016.12.03"]
[EventType "swiss"]
[EventRounds "9"]
[EventCountry "RUS"]
[SourceTitle "EXT 2018"]
[Source "ChessBase"]
[SourceDate "2017.10.13"]
[SourceVersion "1"]
[SourceVersionDate "2017.10.13"]
[SourceQuality "1"]

1. e4 c5 2. Nf3 d6 3. d4 cxd4 4. Nxd4 Nf6 5. Nc3 g6 6. Be3 Bg7 7. f3 Nc6 8. Qd2 Bd7 9. Bc4 a6 10. 0-0 0-0 11. Rad1 Rc8 12. Bb3 b5 13. a3 Na5 14. Bh6 Nxb3 15. cxb3 Qb6 16. Bxg7 Kxg7 17. Qf2 Qc7 18. Rc1 Rfe8 19. h4 Qb7 20. Rfd1 Rc5 21. Nc2 Rec8 22. b4 Rc4 23. Ne3 R4c7 24. Rc2 Be6 25. Rcd2 Bb3 26. Re1 Qa7 27. Rd3 Bc4 28. Rd4 Kg8 29. Red1 Bb3 30. R1d2 Be6 31. Kh2 h5 32. Qg3 Rd7 33. Qg5 Kh7 34. Rf2 Qxd4 35. Kg1 Qe5 36. f4 Qxg5 37. fxg5 Ng4 38. Nxg4 hxg4 39. Nd5 Bxd5 40. exd5 Kg7 41. Rf4 g3 42. Kf1 Rc1+ 43. Ke2 Rc2+ 44. Kf3 Rxb2 45. Kxg3 Rb3+ 46. Kh2 Rxa3 47. Re4 Rd3 48. Re1 Rxd5 49. Ra1 Ra7 0-1